Statistics for Divergent Quiz

Click here to take the quiz!

General Stats

  • This quiz has been taken 36 times
    (35 since last reset)
  • The average score is 10 of 13

Answer Stats

Question Answer % Correct
Who is the main character?Tris
100%
What is the name of the faction that she transfers from?Abnegation
100%
What faction does she transfer to?Dauntless
100%
What is the name of the main character’s boyfriend?Tobias
100%
Who is his abusive father?Marcus
100%
What character commits suicide during initiation?Al
100%
Who is the main character’s best friend?Christina
97%
What faction does Tris’ brother join?Erudite
97%
What is the city that the main character is from?Chicago
90%
Who is the main character’s main enemy?Jeanine Matthews
53%
What is the organization that takes the main character and her friends after they escape the city?Bureau of Genetic Welfare
13%
Why does she transfer from her old faction?Not selfless enough
10%
Who are the leaders of the Allegiant?Johanna and Cara
10%

Score Distribution

Percentile by Number Answered

Percent of People with Each Score

Your Score History

You have not taken this quiz since the last reset